| 000 -LEADER |
| fixed length control field |
00653nam a22001337a 4500 |
| 040 ## - CATALOGING SOURCE |
| Transcribing agency |
RUA |
| 082 ## - DEWEY DECIMAL CLASSIFICATION NUMBER |
| Classification number |
AGR IN 2021 B1-586 Or. |
| 100 ## - MAIN ENTRY--AUTHOR NAME |
| Personal name |
IN VANRITH អ៊ិន វណ្ណរិទ្ធ |
| 245 ## - TITLE STATEMENT |
| Title |
EFFECT OF PLANT SPACING ON GROWTH AND YIELD OF GREEN MUSTARD (Brassica juncea) ឥទ្ធិពលចន្លោះគុម្ពទៅលើការលូតលាស់ និងទិន្នផលរបស់់ដំណាំស្ពៃខៀវ |
| 260 ## - PUBLICATION, DISTRIBUTION, ETC. (IMPRINT) |
| Place of publication |
PHNOM PENH |
| Name of publisher |
RUA |
| Year of publication |
2021 |
| 300 ## - PHYSICAL DESCRIPTION |
| Number of Pages |
X.32P |
| Other physical details |
VII. |
| Dimensions |
29CM |
| 856 ## - ELECTRONIC LOCATION AND ACCESS |
| Uniform Resource Identifier |
https://drive.google.com/file/d/1cWGNnKwuF28pUraGI9Jmc5xTWUMXkACx/view?usp=sharing |
| 942 ## - ADDED ENTRY ELEMENTS (KOHA) |
| Koha item type |
AGR |
| 952 ## - LOCATION AND ITEM INFORMATION (KOHA) |
| Withdrawn status [LOCAL, KOHA] |
0 |
| 952 ## - LOCATION AND ITEM INFORMATION (KOHA) |
| Withdrawn status [LOCAL, KOHA] |
0 |
| 952 ## - LOCATION AND ITEM INFORMATION (KOHA) |
| Withdrawn status [LOCAL, KOHA] |
0 |
| 952 ## - LOCATION AND ITEM INFORMATION (KOHA) |
| Withdrawn status [LOCAL, KOHA] |
0 |